Technique de comptabilité notariale (Record no. 42093)
[ view plain ]
| 000 -LEADER | |
|---|---|
| fixed length control field | 00674 a2200289 4500 |
| 037 ## - SOURCE OF ACQUISITION | |
| Source of stock number/acquisition | 2, Achat |
| 037 ## - SOURCE OF ACQUISITION | |
| Stock number | De 6490 |
| 037 ## - SOURCE OF ACQUISITION | |
| Stock number | De 6491 |
| 020 ## - NUMERO INTERNATIONAL NORMALISE DES LIVRES | |
| International Standard Book Number | 2-7111-2064-3 |
| 100 ## - VEDETTE PRINCIPALE - NOM DE PERSONNE | |
| Personal name | Gross, Bernadette |
| 100 ## - VEDETTE PRINCIPALE - NOM DE PERSONNE | |
| Language of a work | Fr |
| 260 ## - PUBLICATION, DISTRIBUTION, ETC. (IMPRINT) | |
| Place of publication, distribution, etc | Paris |
| 260 ## - PUBLICATION, DISTRIBUTION, ETC. (IMPRINT) | |
| Name of publisher, distributor, etc | Editions Litec |
| 245 ## - TITLE STATEMENT | |
| Title | Technique de comptabilité notariale |
| 260 ## - PUBLICATION, DISTRIBUTION, ETC. (IMPRINT) | |
| Date of publication, distribution, etc | 1992 |
| 300 ## - PHYSICAL DESCRIPTION | |
| Extent | 776 p. |
| 300 ## - PHYSICAL DESCRIPTION | |
| Other physical details | 21cm |
| 440 ## - SERIES STATEMENT/ADDED ENTRY--TITLE | |
| Title | Pratique notariale |
| 440 ## - SERIES STATEMENT/ADDED ENTRY--TITLE | |
| International Standard Serial Number | 0336-8076 |
| 630 ## - SUBJECT ADDED ENTRY--UNIFORM TITLE | |
| Uniform title | 657 - Comptabilité |
| 650 ## - SUBJECT ADDED ENTRY--TOPICAL TERM | |
| Topical term or geographic name as entry element | 6 - SCIENCES APPLIQUEES |
| 650 ## - SUBJECT ADDED ENTRY--TOPICAL TERM | |
| Topical term or geographic name as entry element | Notariat : comptabilité |
| 700 ## - ADDED ENTRY--PERSONAL NAME | |
| Personal name | Chartier, Marie-Henri |
| 700 ## - ADDED ENTRY--PERSONAL NAME | |
| Personal name | col., Manent, Ghislaine |
| Withdrawn status | Lost status | Damaged status | Not for loan | Location (home branch) | Sublocation or collection (holding branch) | Date acquired | Koha issues (times borrowed) | Koha full call number | Koha date last seen | Price effective from | Koha item type |
|---|---|---|---|---|---|---|---|---|---|---|---|
| Bibliothèque Universitaire Centrale | Bibliothèque Universitaire Centrale | 28/02/2009 | 657 GRO | 28/02/2009 | 28/02/2009 | Libre Accès |